02139cas a2200493 i 450000100090000000300040000900500170001300800410003001000170007103500240008803700930011204001370020504200080034205000160035006000170036608200210038324500480040424600350045225000240048726400520051126400400056330000280060331000110063133600260064233700280066833800270069636200210072350000630074450000200080750002470082758800700107458800490114465000400119365000530123365000520128665000520133865000260139065500420141670000420145870000320150070000420153273000190157478000520159317772421OSt20181010214105.0970711c19959999vauar f 0 a0eng  a 2013205265 a(OCoLC)ocm37280724  bAntimicrobial Therapy, Inc., P.O. Box 276, 11771 Lee Highway, Sperryville, VA 22740-0276 aOHSbengerdacOHSdNRMdIHSdCUSdCUIdBNGdOCLCQdOCLCGdVRCdOCLCQdDLCdOCLCFdDLCdOCLCOdOCLdOCLCQdYDXdVGMdOCLCQdOKSdGZH apcc00aRM265b.S26 4aQV 250bS22404aREF 615.7bG464S04aThe Sanford guide to antimicrobial therapy.1 aGuide to antimicrobial therapy a[Pocket sized ed.]. 131995aDallas, TX :bAntimicrobial Therapy, Inc. 1342nd edition 2012-aSperryville, VA avolumes :bmap ;c16 cm aAnnual atextbtxt2rdacontent aunmediatedbn2rdamedia avolumebnc2rdacarrier1 aBegan with 1995. aEditors, Jay P. Sanford, David N. Gilbert, Merle A. Sande. aChiefly tables. aWith 1993: Includes tables on the following: empirical initial therapy by diagnosis, antimicrobial spectra, antibiotic dosage and side effects, urinary tract infection agents, antifungal, antituberculosis, antiparasitic, and antiviral agents. aDescription based on: 42nd edition (2012); title from title page. aLatest issue consulted: 42nd edition (2012). 0aAnti-infective agentsvPeriodicals. 7aAnti-infective agents.2fast0(OCoLC)fst00810345 2aAnti-Infective Agentsxtherapeutic usevtables. 2aAnti-Bacterial Agentsxtherapeutic usevtables. 2aDrug Therapyvtables. 7aPeriodicals2fast0(OCoLC)fst014116411 aSanford, Jay P.,d1928-1996,eauthor.1 aGilbert, David N.,eauthor.1 aSande, Merle A.,d1939-2007,eauthor.0 aSanford guide.00tGuide to antimicrobial therapyw(OCoLC)30531864